| 000 | 00457nam a22001577a 4500 | ||
|---|---|---|---|
| 008 | 230503b |||||||| |||| 00| 0 eng d | ||
| 040 |
_aNational Science Library _cNational Science Library |
||
| 080 |
_aR 915.454C(03) _bK3 |
||
| 100 | _aNegi, Thakur Sen | ||
| 245 | _aHimanchal Pradesh district gazetteers | ||
| 260 |
_aBatala: _bStandard Printing Press, _61963 |
||
| 300 | _a569p. | ||
| 650 | _aManagement | ||
| 653 | _aGazetteers | ||
| 942 |
_2udc _cREF |
||
| 999 |
_c26542 _d26542 |
||